[Event "FRA-chT U20a 0405"]
[Site "France"]
[Date "2005.05.15"]
[Round "9.9"]
[White "Lamard, Guillaume"]
[Black "Gonzalez, Claire"]
[Result "1-0"]
[WhiteElo "1940"]
[BlackElo "1090"]
[PlyCount "67"]
[EventDate "2004.11.19"]
[EventType "team"]
[EventRounds "11"]
[EventCountry "FRA"]
[SourceTitle "EXT 2006"]
[Source "ChessBase"]
[SourceDate "2005.11.24"]
[SourceVersion "1"]
[SourceVersionDate "2005.11.24"]
[SourceQuality "1"]

1. d4 d5 2. c4 e6 3. Nc3 Nf6 4. Bg5 c6 5. cxd5 exd5 6. Qc2 Nbd7 7. Nf3 h6 8. Bh4 Be7 9. e3 Qc7 10. Bg3 Bd6 11. Bxd6 Qxd6 12. Bd3 b6 13. 0-0 Bb7 14. Rab1 0-0-0 15. Nb5 Qb8 16. Ne5 Nxe5 17. dxe5 Ng4 18. Bf5+ Rd7 19. Bxd7+ Kxd7 20. Qf5+ Kd8 21. Nd6 Ba6 22. Rfc1 Nxh2 23. Nxf7+ Kc7 24. Nxh8 Qxh8 25. Kxh2 Qd8 26. e6 Qh4+ 27. Kg1 g5 28. e7 Qh5 29. Qf8 Kd7 30. Qd8+ Ke6 31. e8Q+ Qxe8 32. Qxe8+ Kf6 33. Rxc6+ Kf5 34. Qe6# 1-0

[Event "FRA-chT U20 0405"]
[Site "Lyon"]
[Date "2004.12.19"]
[Round "5.8"]
[White "Gonzalez, Claire"]
[Black "Fischer, Julie"]
[Result "0-1"]
[WhiteElo "1090"]
[BlackElo "1270"]
[PlyCount "102"]
[EventDate "2004.11.??"]
[EventType "team"]
[EventRounds "7"]
[EventCountry "FRA"]
[SourceTitle "EXT 2006"]
[Source "ChessBase"]
[SourceDate "2005.11.24"]
[SourceVersion "1"]
[SourceVersionDate "2005.11.24"]
[SourceQuality "1"]
[WhiteTeam "Montpellier"]
[BlackTeam "Bischwiller"]
[WhiteTeamCountry "FRA"]
[BlackTeamCountry "FRA"]

1. e4 e5 2. Nf3 Nc6 3. Nc3 Bc5 4. Bc4 Nf6 5. d3 d6 6. h3 h6 7. Qe2 Be6 8. Bb3 Qd7 9. Be3 0-0-0 10. 0-0-0 Nd4 11. Bxd4 Bxd4 12. Qd2 Bxb3 13. axb3 Qc6 14. Nxd4 exd4 15. Nb1 Rhe8 16. f3 Nd7 17. Rde1 Nb6 18. f4 f6 19. g3 g6 20. Re2 Kb8 21. h4 h5 22. Rhe1 Re7 23. Kd1 Rde8 24. c3 Qb5 25. Qc2 dxc3 26. bxc3 Nd7 27. c4 Qa5 28. Nd2 Qa1+ 29. Nb1 Qd4 30. Re3 f5 31. R1e2 fxe4 32. Qd2 b6 33. Nc3 Nc5 34. Ke1 Nxd3+ 35. Kf1 c5 36. Nb5 Qa1+ 37. Kg2 a6 38. Nc3 Ka7 39. Nd1 a5 40. Nf2 Nxf2 41. Kxf2 Qd4 42. Qe1 Ka6 43. Kf1 d5 44. cxd5 Qxd5 45. Rb2 Qd7 46. Ke2 Qg4+ 47. Kf1 Qh3+ 48. Kf2 Qh2+ 49. Kf1 Qxb2 50. Qe2+ Qxe2+ 51. Kxe2 Rd7 0-1

[Event "FRA-chT U20 0405"]
[Site "Lyon"]
[Date "2004.12.18"]
[Round "4.9"]
[White "Gonzalez, Claire"]
[Black "Antonnucci, Nicolas"]
[Result "0-1"]
[WhiteElo "1090"]
[BlackElo "1520"]
[PlyCount "148"]
[EventDate "2004.11.??"]
[EventType "team"]
[EventRounds "7"]
[EventCountry "FRA"]
[SourceTitle "EXT 2006"]
[Source "ChessBase"]
[SourceDate "2005.11.24"]
[SourceVersion "1"]
[SourceVersionDate "2005.11.24"]
[SourceQuality "1"]
[WhiteTeam "Montpellier"]
[BlackTeam "Mulhouse"]
[WhiteTeamCountry "FRA"]
[BlackTeamCountry "FRA"]

1. e4 e5 2. Nf3 Nc6 3. Nc3 Bc5 4. Bc4 d6 5. h3 Nf6 6. d3 h6 7. Qe2 0-0 8. Be3 Bb6 9. 0-0 Be6 10. Bb3 Re8 11. Nh4 Nxe4 12. dxe4 Qxh4 13. Qf3 Qe7 14. Qg3 Qf6 15. Bd5 Ba5 16. Nb5 a6 17. Nc3 Rab8 18. Rfe1 Nb4 19. Rac1 Re7 20. Bd2 Bxd5 21. Nxd5 Nxd5 22. Bxa5 Nb6 23. Bd2 Nc4 24. Bc3 Qf4 25. Qxf4 exf4 26. b3 Nb6 27. Bd2 Rd8 28. Bxf4 g5 29. Be3 Rxe4 30. Bd2 Rxe1+ 31. Rxe1 d5 32. Bc3 d4 33. Bb2 c5 34. c3 dxc3 35. Bxc3 c4 36. Re2 Rc8 37. g3 cxb3 38. Ba1 Rc1+ 39. Kg2 Rxa1 40. axb3 Rb1 41. Re3 Nd5 42. Rd3 Nb4 43. Rc3 Na2 44. Rd3 Nc1 45. Rd8+ Kg7 46. f4 gxf4 47. gxf4 Rxb3 48. f5 Ne2 49. h4 Nf4+ 50. Kf2 Nd3+ 51. Kg3 Ne5+ 52. Kf4 Nd3+ 53. Ke4 Nf2+ 54. Ke5 Rb5+ 55. Rd5 Nd3+ 56. Kd6 Rb6+ 57. Ke7 Nf4 58. Rd8 a5 59. Rf8 Nd5+ 60. Ke8 Nf6+ 61. Ke7 Ng8+ 62. Ke8 Rf6 63. h5 Rxf5 64. Kd8 Kxf8 65. Kc7 a4 66. Kxb7 a3 67. Kc8 a2 68. Kd8 a1Q 69. Kd7 Qd1+ 70. Kc8 Rc5+ 71. Kb7 Qb3+ 72. Ka6 Qb5+ 73. Ka7 Rc7+ 74. Ka8 Qb7# 0-1